[Event "ENG-ch Senior 50+"]
[Site "Leamington"]
[Date "2023.05.05"]
[Round "2.4"]
[White "Mason, Donald J"]
[Black "Dishman, Stephen"]
[Result "1/2-1/2"]
[WhiteElo "2054"]
[BlackElo "2259"]
[PlyCount "105"]
[EventDate "2023.05.04"]
[EventType "swiss"]
[EventRounds "7"]
[EventCountry "ENG"]
[SourceTitle "BritBase"]
[Source "John Saunders"]
[SourceDate "2023.05.08"]
[SourceVersion "1"]
[SourceVersionDate "2023.05.08"]
[SourceQuality "1"]

1. e4 c6 2. Nf3 d5 3. exd5 cxd5 4. Ne5 Nc6 5. Bb5 Bd7 6. Bxc6 Bxc6 7. O-O Nf6
8. d4 e6 9. c3 Be7 10. Nd2 O-O 11. f4 g6 12. Qf3 Ne8 13. Qh3 Ng7 14. g4 Bb5 15.
Rf3 f6 16. Nd3 Bd6 17. Nf1 Qc7 18. Qh6 Bxd3 19. Rxd3 e5 20. Rh3 Ne6 21. f5 gxf5
22. gxf5 Nf4 23. Bxf4 exf4 24. Re1 Qg7+ 25. Qxg7+ Kxg7 26. Re6 Rad8 27. Nd2
Rfe8 28. Rh5 Bf8 29. Kf2 Rxe6 30. fxe6 Kg6 31. Rh4 Re8 32. Rg4+ Kf5 33. Rg8
Kxe6 34. Rh8 h6 35. Rh7 Re7 36. Rxe7+ Bxe7 37. Kf3 h5 38. Nb3 Kf5 39. Nc1 b6
40. Nd3 Bd6 41. h4 a5 42. a4 Bc7 43. b3 Bd6 44. c4 dxc4 45. bxc4 Bc7 46. c5
bxc5 47. dxc5 Be5 48. c6 Bc7 49. Nc5 Bd6 50. Nb7 Bc7 51. Nc5 Be5 52. Nb7 Bc7
53. Nc5 1/2-1/2

[Event "ENG-ch Senior 50+"]
[Site "Leamington"]
[Date "2023.05.05"]
[Round "2.5"]
[White "Rich, Mark C"]
[Black "Henderson, David"]
[Result "1/2-1/2"]
[WhiteElo "2070"]
[BlackElo "2116"]
[PlyCount "59"]
[EventDate "2023.05.04"]
[EventType "swiss"]
[EventRounds "7"]
[EventCountry "ENG"]
[SourceTitle "BritBase"]
[Source "John Saunders"]
[SourceDate "2023.05.08"]
[SourceVersion "1"]
[SourceVersionDate "2023.05.08"]
[SourceQuality "1"]

1. e4 e5 2. Nf3 Nc6 3. d4 exd4 4. Bc4 Nf6 5. e5 d5 6. Bb5 Ne4 7. Nxd4 Bd7 8.
Bxc6 bxc6 9. O-O Bc5 10. f3 Ng5 11. Be3 O-O 12. f4 Ne4 13. Nd2 Nxd2 14. Qxd2
Qe7 15. Nb3 Bb6 16. a4 a5 17. Qc3 Rfe8 18. Bc5 Bxc5+ 19. Nxc5 Bf5 20. h3 h5 21.
Rae1 Rab8 22. Nb3 Qb4 23. Nxa5 Qxc3 24. bxc3 Bxc2 25. Nxc6 Rb6 26. Nb4 Bb3 27.
a5 Rb5 28. Nc6 Rc5 29. Nd4 Bc4 30. Rf2 1/2-1/2

[Event "ENG-ch Senior 50+"]
[Site "Leamington"]
[Date "2023.05.05"]
[Round "2.6"]
[White "Baer, Bruce L"]
[Black "Willmoth, Robert F"]
[Result "1-0"]
[WhiteElo "1950"]
[BlackElo "2135"]
[PlyCount "83"]
[EventDate "2023.05.04"]
[EventType "swiss"]
[EventRounds "7"]
[EventCountry "ENG"]
[SourceTitle "BritBase"]
[Source "John Saunders"]
[SourceDate "2023.05.08"]
[SourceVersion "1"]
[SourceVersionDate "2023.05.08"]
[SourceQuality "1"]

1. g3 Nf6 2. Bg2 g6 3. e4 d6 4. f4 Bg7 5. d3 c5 6. Nf3 Nc6 7. O-O Rb8 8. a4 O-O
9. h3 a6 10. g4 Nd7 11. c3 b5 12. axb5 axb5 13. Be3 b4 14. Nfd2 Bb7 15. g5 Qc7
16. h4 Ra8 17. Rxa8 Rxa8 18. h5 Ra1 19. hxg6 hxg6 20. Qg4 Ba6 21. Nc4 Ra2 22.
e5 Bxc4 23. dxc4 e6 24. exd6 Qxd6 25. Rd1 Qc7 26. Qf3 Ra6 27. cxb4 Nxb4 28. Nc3
Bxc3 29. bxc3 Nc6 30. f5 gxf5 31. Bf4 e5 32. g6 exf4 33. gxf7+ Kg7 34. Qh5 Ne7
35. Bd5 Rh6 36. f8=Q+ Nxf8 37. Qf7+ Kh8 38. Qxf8+ Kh7 39. Qf7+ Kh8 40. Ra1 Rd6
41. Kf2 Rh6 42. Ra8+ 1-0

[Event "ENG-ch Senior 50+"]
[Site "Leamington"]
[Date "2023.05.05"]
[Round "2.7"]
[White "Macfarlane, Donald"]
[Black "Donnelly, Andrew J"]
[Result "1-0"]
[WhiteElo "2207"]
[BlackElo "1586"]
[PlyCount "86"]
[EventDate "2023.05.04"]
[EventType "swiss"]
[EventRounds "7"]
[EventCountry "ENG"]
[SourceTitle "BritBase"]
[Source "John Saunders"]
[SourceDate "2023.05.08"]
[SourceVersion "1"]
[SourceVersionDate "2023.05.08"]
[SourceQuality "1"]

1. c4 g6 2. g3 Bg7 3. Bg2 Nf6 4. Nc3 O-O 5. e3 e5 6. Nge2 Nc6 7. O-O d6 8. Rb1
Bf5 9. d3 Nb4 10. e4 Bd7 11. h3 Qc8 12. Kh2 h6 13. d4 Nc6 14. d5 Ne7 15. Be3
Nh7 16. Qd2 g5 17. c5 f5 18. exf5 Nxf5 19. Ne4 Nxe3 20. Qxe3 Nf6 21. N2c3 Bf5
22. Rbc1 Nxe4 23. Nxe4 Qd8 24. Rc4 b5 25. Rc3 Rf7 26. Rfc1 Rc8 27. c6 a5 28.
Qe2 Rb8 29. Bf3 b4 30. Re3 Qe7 31. Bh5 Rff8 32. b3 Bxe4 33. Rxe4 Qf6 34. Kg2
Rb6 35. Rd1 Ra8 36. Rd3 a4 37. Rf3 Qd8 38. Qd2 axb3 39. axb3 Rab8 40. Rf7 Rb5
41. h4 Bf6 42. Rg4 Rc5 43. Qd3 Ra8 1-0

[Event "ENG-ch Senior 50+"]
[Site "Leamington"]
[Date "2023.05.05"]
[Round "2.8"]
[White "Gardiner, Eric D"]
[Black "Wells, Peter K"]
[Result "0-1"]
[WhiteElo "1830"]
[BlackElo "2356"]
[PlyCount "56"]
[EventDate "2023.05.04"]
[EventType "swiss"]
[EventRounds "7"]
[EventCountry "ENG"]
[SourceTitle "BritBase"]
[Source "John Saunders"]
[SourceDate "2023.05.08"]
[SourceVersion "1"]
[SourceVersionDate "2023.05.08"]
[SourceQuality "1"]

1. e4 c5 2. c3 Nf6 3. d3 Nc6 4. f4 d6 5. Nf3 g6 6. g3 Bg7 7. Bg2 O-O 8. O-O b5
9. Kh1 Rb8 10. Be3 b4 11. Qc2 Qa5 12. Bg1 Ba6 13. Nbd2 bxc3 14. bxc3 Nd7 15.
Rfc1 Qa3 16. Rab1 Bb5 17. d4 Ba4 18. Qd3 cxd4 19. Nxd4 Nb4 20. Qe3 Nxa2 21. Nc4
Qc5 22. Rxb8 Rxb8 23. Ra1 Qxc4 24. Bf1 Bxd4 25. Bxc4 Bxe3 26. Bxe3 Nxc3 27. Ra3
Nd1 28. Bd4 Rb4 0-1

[Event "ENG-ch Senior 50+"]
[Site "Leamington"]
[Date "2023.05.05"]
[Round "2.9"]
[White "Bradbury, Neil H"]
[Black "Miller, George I"]
[Result "1-0"]
[WhiteElo "2215"]
[BlackElo "1849"]
[PlyCount "73"]
[EventDate "2023.05.04"]
[EventType "swiss"]
[EventRounds "7"]
[EventCountry "ENG"]
[SourceTitle "BritBase"]
[Source "John Saunders"]
[SourceDate "2023.05.08"]
[SourceVersion "1"]
[SourceVersionDate "2023.05.08"]
[SourceQuality "1"]

1. d4 e6 2. Nf3 Nf6 3. Bg5 d5 4. e3 c5 5. Nbd2 Nc6 6. c3 Be7 7. Bd3 Qc7 8. O-O
O-O 9. Qb1 h6 10. Bxf6 Bxf6 11. Bb5 cxd4 12. exd4 a6 13. Bd3 b5 14. a3 Rb8 15.
Qd1 a5 16. Rc1 Qd6 17. Bb1 g6 18. h4 Qf4 19. h5 Kg7 20. hxg6 e5 21. dxe5 Nxe5
22. g3 Nxf3+ 23. Nxf3 Qg4 24. gxf7 Rxf7 25. Qd3 Be6 26. Rce1 Rh8 27. Ne5 Bxe5
28. Rxe5 Rf6 29. Rfe1 h5 30. Qe3 Kf7 31. Rg5 Qh3 32. Bd3 d4 33. cxd4 h4 34. Bf1
hxg3 35. Bxh3 gxf2+ 36. Qxf2 Rxf2 37. Bxe6+ 1-0

[Event "ENG-ch Senior 50+"]
[Site "Leamington"]
[Date "2023.05.05"]
[Round "2.10"]
[White "Brett, Andrew R"]
[Black "McMahon, Paul"]
[Result "1-0"]
[WhiteElo "2085"]
[BlackElo "1898"]
[PlyCount "69"]
[EventDate "2023.05.04"]
[EventType "swiss"]
[EventRounds "7"]
[EventCountry "ENG"]
[SourceTitle "BritBase"]
[Source "John Saunders"]
[SourceDate "2023.05.08"]
[SourceVersion "1"]
[SourceVersionDate "2023.05.08"]
[SourceQuality "1"]

1. d4 d5 2. c4 e6 3. Nc3 Nf6 4. cxd5 exd5 5. Bg5 Be7 6. e3 h6 7. Bh4 O-O 8. Bd3
b6 9. Nf3 c5 10. O-O Be6 11. Ne5 Nfd7 12. Bxe7 Qxe7 13. f4 Nxe5 14. dxe5 Nc6
15. Bb5 Nb4 16. a3 d4 17. exd4 cxd4 18. Ne4 Bd5 19. Nd6 Nc6 20. Bxc6 Bxc6 21.
Qxd4 Rfd8 22. Rac1 Be8 23. Rc3 Rd7 24. Rg3 Qf8 25. Rd1 Rad8 26. Rgd3 Qe7 27.
Qc3 Kh7 28. Qc2 g6 29. Qd2 Kh8 30. Rh3 h5 31. Qc3 Qe6 32. f5 gxf5 33. Rxh5+ Kg8
34. Qg3+ Qg6 35. Rg5 1-0

[Event "ENG-ch Senior 50+"]
[Site "Leamington"]
[Date "2023.05.05"]
[Round "2.11"]
[White "Ireland, David J"]
[Black "Homer, Neil S"]
[Result "1/2-1/2"]
[WhiteElo "1911"]
[BlackElo "1534"]
[PlyCount "63"]
[EventDate "2023.05.04"]
[EventType "swiss"]
[EventRounds "7"]
[EventCountry "ENG"]
[SourceTitle "BritBase"]
[Source "John Saunders"]
[SourceDate "2023.05.08"]
[SourceVersion "1"]
[SourceVersionDate "2023.05.08"]
[SourceQuality "1"]

1. e4 c6 2. d4 d5 3. f3 dxe4 4. fxe4 e5 5. Nf3 Bg4 6. Bc4 Nd7 7. O-O Ngf6 8. c3
Bd6 9. Be3 O-O 10. Nbd2 Qc7 11. Qc2 Bh5 12. h3 Bg6 13. Bd3 a6 14. Nc4 Rfe8 15.
dxe5 Nxe5 16. Ncxe5 Bxe5 17. Nxe5 Qxe5 18. Bd4 Qe7 19. Bxf6 gxf6 20. Rf4 Qd6
21. Raf1 Rad8 22. R1f3 Re6 23. Qf2 Qc7 24. Qg3 Kf8 25. Kh2 Qe7 26. Qh4 Kg7 27.
Bc4 Red6 28. Re3 Qe5 29. Qg3 Kf8 30. Qh4 Kg7 31. Qg3 Kf8 32. Bf1 1/2-1/2

[Event "ENG-ch Senior 50+"]
[Site "Leamington"]
[Date "2023.05.05"]
[Round "2.12"]
[White "Gunasekera, Asanga"]
[Black "Hymer, Barry J"]
[Result "0-1"]
[WhiteElo "1506"]
[BlackElo "1898"]
[PlyCount "68"]
[EventDate "2023.05.04"]
[EventType "swiss"]
[EventRounds "7"]
[EventCountry "ENG"]
[SourceTitle "BritBase"]
[Source "John Saunders"]
[SourceDate "2023.05.08"]
[SourceVersion "1"]
[SourceVersionDate "2023.05.08"]
[SourceQuality "1"]

1. d4 Nf6 2. Nf3 c5 3. e3 g6 4. Be2 Bg7 5. O-O O-O 6. b3 cxd4 7. exd4 d5 8. Bb2
Nc6 9. Nbd2 Bf5 10. c4 Rc8 11. a3 Qd6 12. Ne5 h5 13. h3 Nd7 14. f4 Nf6 15. Ndf3
a5 16. c5 Qd8 17. Ng5 Ne4 18. Ngxf7 Rxf7 19. Nxf7 Kxf7 20. Kh2 Qh8 21. Bf3 Nxd4
22. Bxd4 Bxd4 23. Rc1 e6 24. Qe1 Nxc5 25. b4 Nd3 26. Rxc8 Qxc8 27. Qd1 Qc7 28.
Be2 Nxf4 29. g3 Nxe2 30. Qxe2 axb4 31. axb4 Kg7 32. Qd2 Be5 33. Qg5 Qc2+ 34.
Kh1 Be4+ 0-1

[Event "ENG-ch Senior 50+"]
[Site "Leamington"]
[Date "2023.05.05"]
[Round "2.13"]
[White "Byron, Alan M"]
[Black "Betts, Richard"]
[Result "1-0"]
[WhiteElo "2181"]
[BlackElo "1752"]
[PlyCount "51"]
[EventDate "2023.05.04"]
[EventType "swiss"]
[EventRounds "7"]
[EventCountry "ENG"]
[SourceTitle "BritBase"]
[Source "John Saunders"]
[SourceDate "2023.05.08"]
[SourceVersion "1"]
[SourceVersionDate "2023.05.08"]
[SourceQuality "1"]

1. e4 e6 2. d4 d5 3. Nd2 c5 4. exd5 Qxd5 5. Ngf3 cxd4 6. Bc4 Qd6 7. O-O Nf6 8.
Nb3 Nc6 9. Nbxd4 Nxd4 10. Nxd4 Be7 11. Be3 O-O 12. Qf3 Qc7 13. Bb3 a6 14. Rfe1
Bd6 15. g3 Rb8 16. Bg5 Be7 17. Rad1 Nd5 18. Bd2 Rd8 19. c4 Nb4 20. Bf4 Bd6 21.
Bxd6 Rxd6 22. Qf4 Rd7 23. Qxc7 Rxc7 24. a3 b5 25. axb4 bxc4 26. Nc6 1-0

[Event "ENG-ch Senior 50+"]
[Site "Leamington"]
[Date "2023.05.05"]
[Round "2.14"]
[White "Cole, Graham L"]
[Black "Alldritt, Nigel R"]
[Result "0-1"]
[WhiteElo "1643"]
[BlackElo "1954"]
[PlyCount "65"]
[EventDate "2023.05.04"]
[EventType "swiss"]
[EventRounds "7"]
[EventCountry "ENG"]
[SourceTitle "BritBase"]
[Source "John Saunders"]
[SourceDate "2023.05.08"]
[SourceVersion "1"]
[SourceVersionDate "2023.05.08"]
[SourceQuality "1"]

1. e4 e6 2. d4 d5 3. Nc3 Bb4 4. e5 c5 5. a3 Bxc3+ 6. bxc3 Ne7 7. Qg4 O-O 8. Bd3
f5 9. exf6 Rxf6 10. Bg5 Rf7 11. Qh5 g6 12. Qd1 Qa5 13. Qd2 Nbc6 14. Nf3 Nf5 15.
Bxf5 Rxf5 16. Be3 Bd7 17. O-O c4 18. Bf4 Raf8 19. Be5 Rxf3 20. gxf3 Rxf3 21.
Rab1 b6 22. Qh6 Nxe5 23. dxe5 Qxc3 24. Qg5 Kg7 25. Rfe1 Qxc2 26. Qe7+ Rf7 27.
Qh4 Qf5 28. Rb2 Bc6 29. Re3 d4 30. Rh3 h5 31. Kf1 c3 32. Rb4 c2 33. Ke1 0-1

[Event "ENG-ch Senior 50+"]
[Site "Leamington"]
[Date "2023.05.05"]
[Round "2.15"]
[White "Hill, Jonathan S"]
[Black "Chantrell, Paul"]
[Result "1-0"]
[WhiteElo "2046"]
[BlackElo "1576"]
[PlyCount "97"]
[EventDate "2023.05.04"]
[EventType "swiss"]
[EventRounds "7"]
[EventCountry "ENG"]
[SourceTitle "BritBase"]
[Source "John Saunders"]
[SourceDate "2023.05.08"]
[SourceVersion "1"]
[SourceVersionDate "2023.05.08"]
[SourceQuality "1"]

1. d4 d5 2. Nc3 Nf6 3. Bf4 c6 4. e3 Bf5 5. f3 h6 6. g4 Bh7 7. Bd3 e6 8. Nge2
Bd6 9. h4 Bxd3 10. Qxd3 Na6 11. O-O-O Nb4 12. Qd2 Bxf4 13. Nxf4 Qd7 14. g5 Ng8
15. Qg2 O-O-O 16. a3 Na6 17. Nd3 f6 18. Ne2 Nc7 19. Rdg1 b6 20. e4 Qf7 21. gxh6
gxh6 22. Qg7 Qxg7 23. Rxg7 Rd7 24. Rhg1 Rxg7 25. Rxg7 a5 26. Nef4 Ne8 27. Rf7
h5 28. Rf8 Kd7 29. Ng6 Ne7 30. Nxh8 dxe4 31. fxe4 Nd6 32. e5 fxe5 33. Nxe5+ Kc7
34. Nhg6 Nd5 35. Rh8 Nf5 36. c3 Nf6 37. Nf4 Nxh4 38. Nxe6+ Kd6 39. Nf4 Nf5 40.
Nxh5 Ne4 41. Nf4 c5 42. Rd8+ Kc7 43. Ne6+ Kb7 44. dxc5 bxc5 45. Rd7+ Kb6 46.
Nf4 Ned6 47. Nd5+ Ka6 48. a4 c4 49. Rc7 1-0

[Event "ENG-ch Senior 50+"]
[Site "Leamington"]
[Date "2023.05.05"]
[Round "2.17"]
[White "Gibbs, Dominic V"]
[Black "Singhal, Saket"]
[Result "1-0"]
[WhiteElo "1879"]
[BlackElo "1596"]
[PlyCount "61"]
[EventDate "2023.05.04"]
[EventType "swiss"]
[EventRounds "7"]
[EventCountry "ENG"]
[SourceTitle "BritBase"]
[Source "John Saunders"]
[SourceDate "2023.05.08"]
[SourceVersion "1"]
[SourceVersionDate "2023.05.08"]
[SourceQuality "1"]

1. e4 c6 2. d3 d5 3. Nd2 e5 4. Ngf3 Bg4 5. h3 Bxf3 6. Qxf3 Nf6 7. g4 d4 8. Bg2
Nfd7 9. O-O Nb6 10. a4 a5 11. c3 c5 12. Qg3 Bd6 13. cxd4 cxd4 14. b3 Nc6 15.
Nb1 Rc8 16. Na3 Nb4 17. Nb5 Nc2 18. Ra2 h6 19. f4 f6 20. g5 Ne3 21. gxh6 g5 22.
Bxe3 dxe3 23. Nxd6+ Qxd6 24. fxg5 e2 25. Rxe2 Qd4+ 26. Kh2 fxg5 27. Qxg5 Rc6
28. h7 Qxd3 29. Rd2 Qxd2 30. Qxd2 Rxh7 31. Qxa5 1-0

[Event "ENG-ch Senior 50+"]
[Site "Leamington"]
[Date "2023.05.05"]
[Round "3.1"]
[White "Davies, Nigel R"]
[Black "Hebden, Mark L"]
[Result "1/2-1/2"]
[WhiteElo "2379"]
[BlackElo "2434"]
[PlyCount "39"]
[EventDate "2023.05.04"]
[EventType "swiss"]
[EventRounds "7"]
[EventCountry "ENG"]
[SourceTitle "BritBase"]
[Source "John Saunders"]
[SourceDate "2023.05.08"]
[SourceVersion "1"]
[SourceVersionDate "2023.05.08"]
[SourceQuality "1"]

1. d4 Nf6 2. Nf3 g6 3. Nbd2 Bg7 4. e4 O-O 5. Bd3 d6 6. O-O Nc6 7. Re1 e5 8.
dxe5 dxe5 9. Bf1 a5 10. a4 Be6 11. c3 Nd7 12. Nc4 f6 13. Qc2 Rf7 14. Rd1 Qe8
15. Be3 Qf8 16. Na3 Bh6 17. Bc4 Bxc4 18. Nxc4 Bxe3 19. Nxe3 Nc5 20. Rd5 1/2-1/2

[Event "ENG-ch Senior 50+"]
[Site "Leamington"]
[Date "2023.05.05"]
[Round "3.2"]
[White "Arkell, Keith C"]
[Black "Baer, Bruce L"]
[Result "1-0"]
[WhiteElo "2390"]
[BlackElo "1950"]
[PlyCount "74"]
[EventDate "2023.05.04"]
[EventType "swiss"]
[EventRounds "7"]
[EventCountry "ENG"]
[SourceTitle "BritBase"]
[Source "John Saunders"]
[SourceDate "2023.05.08"]
[SourceVersion "1"]
[SourceVersionDate "2023.05.08"]
[SourceQuality "1"]

1. b3 e5 2. Bb2 Nc6 3. c4 d6 4. Nc3 g6 5. e3 Bg7 6. d4 exd4 7. Nb5 Nge7 8. Nxd4
O-O 9. Nxc6 Nxc6 10. Bxg7 Kxg7 11. Nf3 Qe7 12. Be2 Bd7 13. O-O Ne5 14. Nd4 Rae8
15. Nb5 Bxb5 16. cxb5 c5 17. bxc6 bxc6 18. Qd2 f6 19. Rfd1 Nf7 20. Rac1 Rc8 21.
Rc3 Rc7 22. Rdc1 c5 23. Rd3 Rd8 24. Rd5 Rb7 25. Rd1 Qc7 26. f4 Qb6 27. Bc4 a5
28. Rd3 a4 29. bxa4 Qb4 30. Qxb4 Rxb4 31. Bb5 c4 32. Rd4 Rc8 33. e4 d5 34. exd5
Nd6 35. Bc6 Rb2 36. a3 c3 37. Rc1 Rcb8 1-0

[Event "ENG-ch Senior 50+"]
[Site "Leamington"]
[Date "2023.05.05"]
[Round "3.3"]
[White "Wells, Peter K"]
[Black "Josse, Mark"]
[Result "1/2-1/2"]
[WhiteElo "2356"]
[BlackElo "2160"]
[PlyCount "67"]
[EventDate "2023.05.04"]
[EventType "swiss"]
[EventRounds "7"]
[EventCountry "ENG"]
[SourceTitle "BritBase"]
[Source "John Saunders"]
[SourceDate "2023.05.08"]
[SourceVersion "1"]
[SourceVersionDate "2023.05.08"]
[SourceQuality "1"]

1. d4 d5 2. c4 e6 3. Nf3 Nf6 4. g3 Be7 5. Bg2 O-O 6. O-O dxc4 7. Qc2 a6 8. Qxc4
b5 9. Qc2 Bb7 10. Bd2 Be4 11. Qc1 Nc6 12. Be3 Nb4 13. Nbd2 Bd5 14. a3 Nc6 15.
Qc3 a5 16. Bg5 Ne4 17. Nxe4 Bxe4 18. Bxe7 Qxe7 19. Rfc1 Qd6 20. e3 a4 21. Nd2
Bxg2 22. Kxg2 Ra6 23. Qc5 Rb6 24. Rc2 Qd7 25. Rac1 Rc8 26. Nf3 f6 27. h4 Ne7
28. e4 Rd6 29. h5 h6 30. Qb4 c6 31. Rc5 Rd8 32. Qc3 Qe8 33. Qe3 Kh7 34. Qe2
1/2-1/2

[Event "ENG-ch Senior 50+"]
[Site "Leamington"]
[Date "2023.05.05"]
[Round "3.4"]
[White "Dishman, Stephen"]
[Black "Macfarlane, Donald"]
[Result "1-0"]
[WhiteElo "2259"]
[BlackElo "2207"]
[PlyCount "79"]
[EventDate "2023.05.04"]
[EventType "swiss"]
[EventRounds "7"]
[EventCountry "ENG"]
[SourceTitle "BritBase"]
[Source "John Saunders"]
[SourceDate "2023.05.08"]
[SourceVersion "1"]
[SourceVersionDate "2023.05.08"]
[SourceQuality "1"]

1. d4 Nf6 2. Bg5 e6 3. e4 h6 4. Bxf6 Qxf6 5. c3 d6 6. Bd3 Nc6 7. Ne2 g5 8. O-O
Bd7 9. Na3 Be7 10. Nc4 h5 11. f3 Bd8 12. f4 gxf4 13. Nxf4 Qh6 14. Qf3 Bg5 15.
Nh3 O-O-O 16. Nxg5 Qxg5 17. Qf6 Qxf6 18. Rxf6 Be8 19. d5 Ne7 20. dxe6 Ng8 21.
e7 Nxf6 22. exd8=Q+ Kxd8 23. Rf1 Ke7 24. Ne3 Bd7 25. Nf5+ Bxf5 26. Rxf5 h4 27.
e5 Ng4 28. exd6+ cxd6 29. Ra5 a6 30. Ra4 Ne5 31. Be4 Nd7 32. Rb4 b5 33. c4 Rh5
34. cxb5 Rxb5 35. Rxb5 axb5 36. Bc6 b4 37. Bxd7 Kxd7 38. Kf2 Kc6 39. g3 h3 40.
Ke1 1-0

[Event "ENG-ch Senior 50+"]
[Site "Leamington"]
[Date "2023.05.05"]
[Round "3.5"]
[White "Henderson, David"]
[Black "Bradbury, Neil H"]
[Result "0-1"]
[WhiteElo "2116"]
[BlackElo "2215"]
[PlyCount "82"]
[EventDate "2023.05.04"]
[EventType "swiss"]
[EventRounds "7"]
[EventCountry "ENG"]
[SourceTitle "BritBase"]
[Source "John Saunders"]
[SourceDate "2023.05.08"]
[SourceVersion "1"]
[SourceVersionDate "2023.05.08"]
[SourceQuality "1"]

1. e4 c6 2. d4 d5 3. e5 Bf5 4. Nf3 e6 5. Be2 Nd7 6. Nbd2 h6 7. O-O Ne7 8. a4 a6
9. a5 g5 10. Nb3 Bg6 11. Bd2 Nf5 12. Rc1 Rc8 13. g4 Ng7 14. Be3 Be7 15. Qd2 Be4
16. Ne1 h5 17. f3 Bg6 18. h3 hxg4 19. hxg4 c5 20. c4 cxd4 21. Bxd4 dxc4 22.
Bxc4 Nc5 23. Bxc5 Bxc5+ 24. Kg2 Qxd2+ 25. Nxd2 Be3 26. Bb5+ Ke7 27. Rxc8 Rxc8
28. Nc4 Bd4 29. Nd6 Rc7 30. Bd3 Bxe5 31. Ne4 Bxb2 32. Rf2 Bc1 33. Nc2 Ne8 34.
Rf1 Bf4 35. Rb1 Nd6 36. Nd4 Nxe4 37. Bxe4 Bxe4 38. fxe4 Kd6 39. Nf3 Rc2+ 40.
Kf1 Kc7 41. Rb3 Rc4 0-1

[Event "ENG-ch Senior 50+"]
[Site "Leamington"]
[Date "2023.05.05"]
[Round "3.6"]
[White "Hymer, Barry J"]
[Black "Lewis, Andrew P"]
[Result "0-1"]
[WhiteElo "1898"]
[BlackElo "2230"]
[PlyCount "112"]
[EventDate "2023.05.04"]
[EventType "swiss"]
[EventRounds "7"]
[EventCountry "ENG"]
[SourceTitle "BritBase"]
[Source "John Saunders"]
[SourceDate "2023.05.08"]
[SourceVersion "1"]
[SourceVersionDate "2023.05.08"]
[SourceQuality "1"]

1. d4 Nf6 2. Nc3 d5 3. Bf4 a6 4. e3 c5 5. dxc5 Qa5 6. Nf3 e6 7. a3 Qxc5 8. Bd3
b5 9. O-O Bb7 10. Re1 Nc6 11. e4 d4 12. Nd5 Nxd5 13. exd5 Qxd5 14. Be4 Qd7 15.
Nxd4 Nxd4 16. Bxb7 Qxb7 17. Qxd4 Rd8 18. Qc3 Rc8 19. Qd3 Be7 20. Rad1 O-O 21.
Qd7 Qxd7 22. Rxd7 Bf6 23. c3 Rfd8 24. Red1 Kf8 25. Rxd8+ Rxd8 26. Rxd8+ Bxd8
27. Bd6+ Ke8 28. Kf1 Kd7 29. Bf8 g6 30. Ke2 Bb6 31. Bh6 Kc6 32. Be3 Bc7 33. Kd3
f5 34. f4 Bd6 35. h4 Be7 36. g3 Kd5 37. Bd4 a5 38. b4 a4 39. Bg7 Bd8 40. Bd4 h6
41. Bg7 Bb6 42. Bxh6 Bf2 43. Ke2 Bxg3 44. Bg5 Kc4 45. Kd2 Bf2 46. Kc2 Bb6 47.
Bf6 Bc7 48. Bg5 e5 49. fxe5 Bxe5 50. Bd2 Bf6 51. Be1 f4 52. Bd2 f3 53. Be1 Be5
54. Bf2 Bxc3 55. Bg3 Bd4 56. Kd2 Kb3 0-1

[Event "ENG-ch Senior 50+"]
[Site "Leamington"]
[Date "2023.05.05"]
[Round "3.7"]
[White "Willmoth, Robert F"]
[Black "Regan, Natasha K"]
[Result "1-0"]
[WhiteElo "2135"]
[BlackElo "1981"]
[PlyCount "57"]
[EventDate "2023.05.04"]
[EventType "swiss"]
[EventRounds "7"]
[EventCountry "ENG"]
[SourceTitle "BritBase"]
[Source "John Saunders"]
[SourceDate "2023.05.08"]
[SourceVersion "1"]
[SourceVersionDate "2023.05.08"]
[SourceQuality "1"]

1. d4 f5 2. Nf3 Nf6 3. g3 g6 4. Bg2 Bg7 5. O-O O-O 6. b3 d6 7. Bb2 Qe8 8. c4 h6
9. Qc2 g5 10. Nbd2 Qh5 11. e4 f4 12. e5 Ng4 13. h3 Nxf2 14. Kxf2 Bxh3 15. Rh1
fxg3+ 16. Ke3 g4 17. Bxh3 gxh3 18. Rag1 Qg4 19. Qe4 h5 20. Qxg4 hxg4 21. Rxg3
gxf3 22. Nxf3 e6 23. Rhg1 Rf7 24. Rxh3 Nc6 25. Ng5 dxe5 26. Nxf7 exd4+ 27. Ke4
Kxf7 28. Rf3+ Bf6 29. Rgf1 1-0

[Event "ENG-ch Senior 50+"]
[Site "Leamington"]
[Date "2023.05.05"]
[Round "3.8"]
[White "Crocker, Philip J"]
[Black "Ireland, David J"]
[Result "1/2-1/2"]
[WhiteElo "2148"]
[BlackElo "1911"]
[PlyCount "178"]
[EventDate "2023.05.04"]
[EventType "swiss"]
[EventRounds "7"]
[EventCountry "ENG"]
[SourceTitle "BritBase"]
[Source "John Saunders"]
[SourceDate "2023.05.08"]
[SourceVersion "1"]
[SourceVersionDate "2023.05.08"]
[SourceQuality "1"]

1. d4 Nf6 2. c4 c5 3. d5 b5 4. Qc2 d6 5. e4 bxc4 6. Bxc4 Ba6 7. Nf3 Bxc4 8.
Qxc4 Nbd7 9. O-O g6 10. Re1 Ng4 11. Nc3 Bg7 12. Qe2 O-O 13. Nd2 Ngf6 14. Nc4
Nb6 15. Bd2 Nxc4 16. Qxc4 Nd7 17. Qe2 Qb6 18. Rab1 Rab8 19. Nd1 Qb5 20. Bc3 Ne5
21. Bxe5 Bxe5 22. Qd2 Rb6 23. Ne3 Rfb8 24. Ng4 Bg7 25. Nh6+ Bxh6 26. Qxh6 Qe8
27. Qd2 Qa4 28. b3 Qb4 29. Qh6 f6 30. Rbc1 a5 31. Qe3 Qa3 32. Rc2 a4 33. e5
dxe5 34. Qxc5 Qxc5 35. Rxc5 axb3 36. axb3 Rxb3 37. f4 Rb1 38. Rxb1 Rxb1+ 39.
Kf2 exf4 40. Rc7 Rd1 41. Rxe7 Rxd5 42. Kf3 Rh5 43. h3 Rg5 44. Re2 Rf5 45. Re7
h5 46. Ra7 g5 47. Rb7 Re5 48. Ra7 Re3+ 49. Kf2 Kf8 50. Rh7 h4 51. Ra7 Re7 52.
Ra6 Kf7 53. Kf3 Re3+ 54. Kf2 Kg6 55. Rb6 Rg3 56. Rb4 f3 57. gxf3 Rxh3 58. Kg2
Rg3+ 59. Kf2 f5 60. Rb6+ Kh5 61. Rf6 f4 62. Rf8 Rh3 63. Kg2 Rg3+ 64. Kf2 Kg6
65. Rh8 Kg7 66. Rh5 h3 67. Ke2 Kg6 68. Rh8 Kg7 69. Rh5 Kf6 70. Rh8 Kg7 71. Rh5
Kf7 72. Kf2 Ke6 73. Rh8 Rg2+ 74. Kf1 Ra2 75. Rxh3 Kf5 76. Rh5 Ra1+ 77. Kf2 Ra2+
78. Kf1 Kf6 79. Rh6+ Kf7 80. Rb6 Rd2 81. Ra6 Rd5 82. Kf2 Re5 83. Rb6 Re6 84.
Rb8 Kf6 85. Rf8+ Ke5 86. Rg8 Kf5 87. Rf8+ Rf6 88. Rg8 Rg6 89. Ra8 Re6 1/2-1/2